000 01504nam a2200289Ia 4500
999 _c54161
_d54161
001 21217
003 GE_BSU
005 20230310094506.0
008 181216s2015||||ge |||||||||||||| ||geo||
020 _a9789941134067
040 _cGE_BSU
041 _ageo
080 _a338.2(075.8) კ-61
100 _aკლუმპი, რაინერ
_912502
245 _aეკონომიკური პოლიტიკა :
_bმიზნები, ინსტრუმენტები და ინსტიტუციები /
_cრაინერ კლუმპი ; გერმ. თარგმნ. ი. გეგეჭკორმა ; სამეცნ. რედ. რ. გველესიანი.
250 _aმესამე განახლებული გამოცემა
264 _aთბილისი :
_bთსუ,
_c2015.
300 _a423 გვ. ;
_c22 სმ.
504 _aბიბლიოგრ. გვ. : 417-423
541 _h22ლ.95თ.
653 _aეკონომიკა
653 _aეკონომიკური პოლიტიკა
653 _aმიზნები,ინსტრუმენტები და ინსტიტუციები
700 _aგეგეჭკორმა, ი.
_eგერმანულიდან თარგმნი
_912503
700 _aგველესიანი, რ.
_eსამეცნიერო რედაქტორი
_94609
942 _cBK
_2udc